| 000 | 00446nam a22001217a 4500 | ||
|---|---|---|---|
| 082 | _a200 THE | ||
| 100 |
_aEHSAN ELAHI BASHIR _970254 |
||
| 245 | _aTH-SOf-1126-Target Detection and Interception Using Modified POMDP Based Motion Planning of Mobile Robots in a Known Environment | ||
| 260 |
_aIslamabad _bNUST College of EME _c2015 |
||
| 650 |
_aMS-MTS-74 MSTHESIS _970045 |
||
| 700 |
_aSupervison Dr. KUNWAR FARAZ AHMED KHAN _970255 |
||
| 942 | _cCF | ||
| 999 |
_c577257 _d577257 |
||